[Event "Harburg-chB 3rd"]
[Site "Hamburg"]
[Date "2005.06.26"]
[Round "4"]
[White "Tonndorf, Matthias"]
[Black "Dimke, Markus"]
[Result "1-0"]
[WhiteElo "2242"]
[BlackElo "2112"]
[PlyCount "83"]
[EventDate "2005.06.??"]
[EventType "tourn"]
[EventRounds "5"]
[EventCountry "GER"]
[SourceTitle "EXT 2006"]
[Source "ChessBase"]
[SourceDate "2005.11.24"]
[SourceVersion "1"]
[SourceVersionDate "2005.11.24"]
[SourceQuality "1"]

1. e4 e5 2. Nf3 Nf6 3. Nxe5 d6 4. Nf3 Nxe4 5. Nc3 Nxc3 6. dxc3 Be7 7. Bf4 Nd7 8. Qd2 Nc5 9. 0-0-0 Bg4 10. Be2 Ne6 11. Be3 0-0 12. h3 Bxf3 13. Bxf3 c6 14. c4 a5 15. g4 a4 16. a3 Qa5 17. h4 Qxd2+ 18. Rxd2 Ra6 19. Be2 c5 20. c3 Rb8 21. f4 Nc7 22. f5 b5 23. cxb5 Nxb5 24. Bf4 Rab6 25. Rh3 Rd8 26. Bc4 Na7 27. g5 Nc6 28. g6 hxg6 29. fxg6 Ne5 30. Bxe5 dxe5 31. Bxf7+ Kf8 32. Rxd8+ Bxd8 33. Re3 Bf6 34. Re4 Ra6 35. Bc4 Ra5 36. Bd3 Ke7 37. Bc2 Kd6 38. Rg4 Kd5 39. h5 Ra7 40. Bxa4 e4 41. Bc2 Re7 42. Kd2 1-0

[Event "Harburg-chA 1st"]
[Site "Hamburg"]
[Date "2003.06.21"]
[Round "3"]
[White "Dimke, Markus"]
[Black "Herlan, Klaus Juergen"]
[Result "0-1"]
[WhiteElo "1972"]
[BlackElo "1919"]
[PlyCount "62"]
[EventDate "2003.06.20"]
[EventType "tourn"]
[EventRounds "5"]
[EventCountry "GER"]
[SourceTitle "EXT 2005"]
[Source "ChessBase"]
[SourceDate "2004.11.15"]
[SourceVersion "1"]
[SourceVersionDate "2004.11.15"]
[SourceQuality "1"]

1. e4 c5 2. Nc3 Nc6 3. f4 d6 4. Bc4 e6 5. Nf3 Nf6 6. d3 a6 7. a3 b5 8. Ba2 Qc7 9. 0-0 Be7 10. Qe1 Nd4 11. Qd2 Bb7 12. Nxd4 cxd4 13. Ne2 Rc8 14. Kh1 Qb6 15. c3 dxc3 16. bxc3 Ng4 17. h3 h5 18. d4 Nf6 19. e5 Ne4 20. Qe3 Qc6 21. Rf3 h4 22. Bb1 Ng3+ 23. Nxg3 hxg3 24. Kg1 Rxh3 25. Ba2 Rh7 26. Rxg3 Kd7 27. Qd2 Rch8 28. Kf1 Rh1+ 29. Ke2 Qe4+ 30. Re3 Qxg2+ 31. Kd3 Qg6+ 0-1

[Event "Harburg-chA 1st"]
[Site "Hamburg"]
[Date "2003.06.21"]
[Round "2"]
[White "Egelriede, Nikolas"]
[Black "Dimke, Markus"]
[Result "1-0"]
[WhiteElo "1804"]
[BlackElo "1972"]
[PlyCount "71"]
[EventDate "2003.06.20"]
[EventType "tourn"]
[EventRounds "5"]
[EventCountry "GER"]
[SourceTitle "EXT 2005"]
[Source "ChessBase"]
[SourceDate "2004.11.15"]
[SourceVersion "1"]
[SourceVersionDate "2004.11.15"]
[SourceQuality "1"]

1. e4 e5 2. Nf3 Nf6 3. Nc3 Bb4 4. Bc4 d6 5. Nd5 Nxd5 6. Bxd5 c6 7. Bb3 Bg4 8. 0-0 0-0 9. c3 Ba5 10. d4 Nd7 11. Qd3 Kh8 12. Ng5 Qe7 13. Qg3 Nf6 14. Nxf7+ Rxf7 15. Bxf7 Qxf7 16. dxe5 dxe5 17. Qxe5 Bc7 18. Qg5 Re8 19. f3 Be6 20. Be3 Bc4 21. Rfd1 Re5 22. Qg3 Ra5 23. Qf2 Rh5 24. g3 b6 25. Rd4 c5 26. Rd2 Rh3 27. Rad1 h5 28. Qg2 Be6 29. Bf4 Bxf4 30. gxf4 Rh4 31. f5 Bxa2 32. Rd8+ Ng8 33. R8d7 Qf6 34. R1d6 Qe5 35. Qg3 Qxg3+ 36. hxg3 1-0

[Event "Goch op 13th"]
[Site "Goch"]
[Date "2002.10.05"]
[Round "4"]
[White "Dimke, Markus"]
[Black "Becker, Marcel"]
[Result "0-1"]
[WhiteElo "2094"]
[BlackElo "2325"]
[PlyCount "48"]
[EventDate "2002.10.03"]
[EventType "swiss"]
[EventRounds "7"]
[EventCountry "GER"]
[SourceTitle "EXT 2004"]
[Source "ChessBase"]
[SourceDate "2003.11.25"]
[SourceVersion "1"]
[SourceVersionDate "2003.11.25"]
[SourceQuality "1"]

1. e4 e6 2. d4 d5 3. e5 c5 4. c3 Qb6 5. Nf3 Nc6 6. Bd3 cxd4 7. cxd4 Bd7 8. Nc3 Nxd4 9. Nxd4 Qxd4 10. 0-0 Qxe5 11. Re1 Qb8 12. Nxd5 Bd6 13. Qg4 Kf8 14. Bd2 h5 15. Qh3 Nh6 16. Nc3 Ng4 17. Ne4 Bxh2+ 18. Kh1 f5 19. f3 Kg8 20. fxg4 hxg4 21. Qxh8+ Kxh8 22. Ng5 Qg3 23. Nf7+ Kh7 24. Re3 Qh4 0-1

[Event "Hamburg HSK Elo op 2nd"]
[Site "Hamburg"]
[Date "2001.09.29"]
[Round "1.4"]
[White "Bach, Matthias"]
[Black "Dimke, Markus"]
[Result "1-0"]
[WhiteElo "2335"]
[BlackElo "2118"]
[PlyCount "83"]
[EventDate "2001.09.29"]
[EventType "swiss"]
[EventRounds "7"]
[EventCountry "GER"]
[SourceTitle "EXT 2004"]
[Source "ChessBase"]
[SourceDate "2003.11.25"]
[SourceVersion "1"]
[SourceVersionDate "2003.11.25"]
[SourceQuality "1"]

1. d4 Nf6 2. c4 g6 3. Nc3 d5 4. cxd5 Nxd5 5. g3 Bg7 6. Bg2 c6 7. e4 Nxc3 8. bxc3 e5 9. Ne2 0-0 10. 0-0 Bg4 11. f3 Be6 12. Be3 Bc4 13. Rf2 Qa5 14. f4 Rd8 15. fxe5 Bxe5 16. Qc2 Bg7 17. Nf4 Nd7 18. Bf1 Nb6 19. Nd3 Bxd3 20. Bxd3 Rd7 21. Raf1 Rf8 22. Qb3 Qa4 23. Bc2 Qc4 24. Bc1 f6 25. Ba3 Re8 26. Bc5 Qxb3 27. Bxb3+ Kh8 28. Re2 Nd5 29. Rf3 b6 30. Ba3 Nc7 31. Rf1 Nb5 32. Bb2 a5 33. d5 Rde7 34. c4 Nd6 35. Rxf6 Bxf6 36. Bxf6+ Kg8 37. Bxe7 Rxe7 38. e5 Nf5 39. c5 cxd5 40. Bxd5+ Kg7 41. cxb6 Nd4 42. Rd2 1-0

[Event "Baunatal op 7th"]
[Site "Baunatal"]
[Date "2001.08.14"]
[Round "6"]
[White "Dimke, Markus"]
[Black "Luechtemeier, Peter"]
[Result "1/2-1/2"]
[WhiteElo "2118"]
[BlackElo "2195"]
[PlyCount "64"]
[EventDate "2001.08.08"]
[EventType "swiss"]
[EventRounds "7"]
[EventCountry "GER"]
[SourceTitle "EXT 2002"]
[Source "ChessBase"]
[SourceDate "2001.11.25"]
[SourceVersion "1"]
[SourceVersionDate "2001.11.25"]
[SourceQuality "1"]

1. e4 c6 2. d4 d5 3. f3 e6 4. Nc3 Nf6 5. e5 Nfd7 6. f4 c5 7. Nf3 Nc6 8. Bb5 cxd4 9. Nxd4 Bc5 10. Bxc6 bxc6 11. 0-0 Ba6 12. Rf2 Qh4 13. Be3 Rc8 14. Nce2 Bxe2 15. Qxe2 0-0 16. c3 Bxd4 17. cxd4 c5 18. Raf1 g6 19. Rf3 Qg4 20. Qb5 cxd4 21. h3 Qf5 22. Bxd4 Rc7 23. Bc3 Rb8 24. Qe2 Rbc8 25. Re3 Qh5 26. Qxh5 gxh5 27. f5 Nc5 28. fxe6 fxe6 29. Bd4 Ne4 30. Ra3 Rc2 31. Rxa7 Ng3 32. Rff7 Ne2+ 1/2-1/2

[Event "Baunatal op 7th"]
[Site "Baunatal"]
[Date "2001.08.09"]
[Round "2"]
[White "Dimke, Markus"]
[Black "Benedikt, Alexander"]
[Result "1-0"]
[WhiteElo "2118"]
[BlackElo "1582"]
[PlyCount "39"]
[EventDate "2001.08.08"]
[EventType "swiss"]
[EventRounds "7"]
[EventCountry "GER"]
[SourceTitle "EXT 2002"]
[Source "ChessBase"]
[SourceDate "2001.11.25"]
[SourceVersion "1"]
[SourceVersionDate "2001.11.25"]
[SourceQuality "1"]

1. e4 e5 2. Bc4 Nf6 3. d4 d6 4. dxe5 dxe5 5. Bxf7+ Ke7 6. Qxd8+ Kxd8 7. Bg5 Nc6 8. Nc3 Bb4 9. 0-0-0+ Ke7 10. Bd5 Bxc3 11. bxc3 h6 12. Be3 Be6 13. Bc5+ Kf7 14. Nf3 Nd7 15. Be3 Nd8 16. Rd3 c6 17. Bxe6+ Kxe6 18. Rhd1 Nf6 19. Rd6+ Ke7 20. Nxe5 1-0

[Event "Wichern op 5th"]
[Site "Hamburg"]
[Date "1999.10.22"]
[Round "9.86"]
[White "Dimke, Markus"]
[Black "Andersen, Lars Even"]
[Result "0-1"]
[WhiteElo "1934"]
[BlackElo "2238"]
[PlyCount "78"]
[EventDate "1999.10.15"]
[EventType "swiss"]
[EventRounds "9"]
[EventCountry "GER"]
[SourceTitle "EXT 2001"]
[Source "ChessBase"]
[SourceDate "2000.11.22"]
[SourceVersion "1"]
[SourceVersionDate "2000.11.22"]
[SourceQuality "1"]

1. e4 d5 2. exd5 Nf6 3. d4 Nxd5 4. Nf3 g6 5. c4 Nb6 6. Nc3 Bg7 7. Be3 0-0 8. Be2 Nc6 9. d5 Ne5 10. Nxe5 Bxe5 11. Bd4 Bxd4 12. Qxd4 e5 13. Qe3 f5 14. 0-0 Qe7 15. f4 e4 16. c5 Nd7 17. b4 Nf6 18. Rad1 Rd8 19. Rd2 Ne8 20. Rfd1 Qf6 21. Bc4 Kg7 22. g4 h6 23. g5 hxg5 24. fxg5 Qe5 25. Qd4 Qxd4+ 26. Rxd4 Bd7 27. Ne2 Ba4 28. R1d2 b5 29. Bb3 Bxb3 30. axb3 Kf7 31. Nf4 Ng7 32. Ne6 Nxe6 33. dxe6+ Ke7 34. Rd7+ Rxd7 35. Rxd7+ Kxe6 36. Rxc7 a5 37. bxa5 Rxa5 38. Rc6+ Ke5 39. Rxg6 Kf4 0-1

[Event "Wichern op 5th"]
[Site "Hamburg"]
[Date "1999.10.15"]
[Round "1.60"]
[White "Dimke, Markus"]
[Black "Cladouras, Panagiotis"]
[Result "0-1"]
[WhiteElo "1934"]
[BlackElo "2335"]
[PlyCount "62"]
[EventDate "1999.10.15"]
[EventType "swiss"]
[EventRounds "9"]
[EventCountry "GER"]
[SourceTitle "EXT 2001"]
[Source "ChessBase"]
[SourceDate "2000.11.22"]
[SourceVersion "1"]
[SourceVersionDate "2000.11.22"]
[SourceQuality "1"]

1. e4 e5 2. Bc4 Nf6 3. d4 exd4 4. Nf3 d5 5. exd5 Bb4+ 6. c3 Qe7+ 7. Be2 dxc3 8. bxc3 Bc5 9. 0-0 0-0 10. Bg5 Bg4 11. Nbd2 Nbd7 12. Rb1 h6 13. Bxf6 Nxf6 14. Nb3 Bb6 15. c4 Rfe8 16. Re1 Ne4 17. Nfd4 Qf6 18. Bxg4 Qxf2+ 19. Kh1 Nc3 20. Rxe8+ Rxe8 21. Qg1 Qh4 22. Rf1 Bxd4 23. Qxd4 Ne4 24. Kg1 Qxg4 25. Qxa7 Ng5 26. Qxb7 Nh3+ 27. Kh1 Qe2 28. Nd2 Nf2+ 29. Kg1 Qxd2 30. Rxf2 Re1+ 31. Rf1 Qe3+ 0-1